Explora el maravilloso movimiento de las aves migratorias (Registro nro. 4478)
[ vista simple ]
| 000 -CABECERA | |
|---|---|
| Campo de control | 00595nam a2200193 a 4500 |
| 005 - FECHA Y HORA DE LA ULTIMA TRANSACCION | |
| Campo de control | 20160130115925.0 |
| 008 - ELEMENTOS DE LONGITUD FIJA—INFORMACION GENERAL | |
| Campo de control | 140115b ck a gr|||| 00| 0 spa d |
| 040 ## - FUENTE DE CATALOGACIÓN | |
| Agencia catalogadora original | CO-BoIAVH |
| Agencia transcriptora | CO-BoIAVH |
| 041 ## - IDIOMA | |
| Código de idioma para texto/pista de sonido o título separado | Español |
| 090 ## - CLASIFICACIÓN LOCAL | |
| Colección | EA |
| Consecutivo | 383 |
| 110 2# - ASIENTO PRINCIPAL--NOMBRE CORPORATIVO | |
| Unidad subordinad | Programa Nacional de Monitoreo y Conservación de Aves Migratorias |
| 9 (RLIN) | 3968 |
| 245 1# - MENCION DE TITULO | |
| Título | Explora el maravilloso movimiento de las aves migratorias |
| 260 ## - PUBLICACION, DISTRIBUCION, ETC. (PIE DE IMPRENTA) | |
| Lugar de publicación, distribución, etc. | Medellín |
| Nombre del editor, distribuidor, etc. | Proaves |
| Fecha de publicación, distribución, etc. | [199?] |
| 300 ## - DESCRIPCION FISICA | |
| Extensión | 26 paginas.; |
| Otros detalles físicos | ilustraciones; |
| Dimensiones | 27 x 21 cm |
| 650 #6 - ASIENTO SECUNDARIO DE MATERIA - TERMINO TEMATICO | |
| Término temático o nombre geográfico como elemento de entrada | Aves |
| 9 (RLIN) | 55699 |
| 650 #6 - ASIENTO SECUNDARIO DE MATERIA - TERMINO TEMATICO | |
| Término temático o nombre geográfico como elemento de entrada | Migración |
| 9 (RLIN) | 55700 |
| 942 ## - ELEMENTOS ADICIONALES (KOHA) | |
| Tipo de ítem | Libro |
| Sistema de clasificación | Local |
| 945 ## - PROCESAMIENTO LOCAL | |
| AAAA-MM-DD - Fecha de ingreso o modificacion | 2005-05-17 |
| Withdrawn status | Lost status | Sistema de Clasificación | Damaged status | No para préstamo | Colección | Inventariado | Ubicación Permanente | Ubicación actual | Fecha de adquisición | Fuente de Valor | Valor | Total Checkouts | Número topográfico | Inventario / Código de Barras | Date last seen | Ejemplar | Price effective from | Forma de adquisición | Tipo de material |
|---|---|---|---|---|---|---|---|---|---|---|---|---|---|---|---|---|---|---|---|
| Local | Educación Ambiental | Inventariado 2017 | Sala Fabio Quevedo | Sala Fabio Quevedo | 17/05/2005 | Instituto | 39000.00 | EA-383 | 017876 | 04/12/2012 | Ej. 1 | 04/12/2012 | Libro |